000 01398nam a2200361Ia 4500
001 ebr10661623
003 CaPaEBR
006 m u
007 cr cn|||||||||
008 090928s2009 nyua sb 001 0 eng d
010 _z 2009037481
020 _z1608765784 (pbk.)
020 _z9781608765782 (pbk.)
020 _z9781611224450
040 _aCaPaEBR
_cCaPaEBR
035 _a(OCoLC)669517534
050 1 4 _aTP156.P9
_bL55 2009eb
082 0 4 _a662/.88
_222
100 1 _aLi, Zhengqi.
245 1 0 _aCorn straw and biomass blends
_h[electronic resource] :
_bcombustion characteristics and NO formation /
_cZhengqi Li.
260 _aNew York :
_bNova Science Publishers,
_cc2009.
300 _ax, 113 p. :
_bill.
490 1 _aEnergy science, engineering and technology series
504 _aIncludes bibliographical references (p. [105]-108) and index.
533 _aElectronic reproduction.
_bPalo Alto, Calif. :
_cebrary,
_d2013.
_nAvailable via World Wide Web.
_nAccess may be limited to ebrary affiliated libraries.
650 0 _aPyrolysis.
650 0 _aCorn straw.
650 0 _aBiomass energy.
655 7 _aElectronic books.
_2local
710 2 _aebrary, Inc.
830 0 _aEnergy science, engineering and technology series.
856 4 0 _uhttp://site.ebrary.com/lib/rucke/Doc?id=10661623
_zAn electronic book accessible through the World Wide Web; click to view
999 _c170363
_d170363